| 000 | 00386nam a22001577a 4500 | ||
|---|---|---|---|
| 020 | _a9788190430982 | ||
| 082 |
_a665.776 _bBEH/CR |
||
| 245 | _aCrop science and land use for food and bioenergy | ||
| 260 |
_aJodhpur _bAgrobios (International) _c2010 |
||
| 300 | _a476p | ||
| 700 | _aBehl, R.K | ||
| 700 | _aMerbach, W | ||
| 700 | _aMeliczek, H | ||
| 700 | _aKaetsch, C | ||
| 942 | _cBK | ||
| 999 |
_c13728 _d13728 |
||